000 02730nam0a2200349 i 4500
001 RU\NLR\BIBL_A\011330781
005 20260406104903.0
035 _a(NLR Aleph) 011330781
090 _a11132839
_c11132839
100 _a20170217d2016 km y0rusy50 ca
101 0 _arus
102 _aRU
105 _aac||z|||000zy
200 1 _a100 лет «Черному квадрату» Казимира Малевича
_eот черного квадрата к Параллелошару
_e[сборник статей по материалам конференции]
_fНауч.-исслед. конф. ["Авангард в квадрате А², концепции развития"], Санкт-Петербург, 18 декабря 2015 года
210 _aСанкт-Петербург
_cДЕАН
_d2016
215 _a49, [2] с.
_cил., цв. ил., портр.
_d24
300 _aВ надзаг.: Музей нонконформист. искусства, Союз соврем. искусства Авангард-Форум А², Арт-центр "Пушкинская-10"
320 _aБиблиогр. в подстроч. примеч.
517 1 _aОт черного квадрата к Параллелошару
604 _1700#1$aМалевич$bК. С.$gКазимир Северинович$f1878 - 1935
_1500##$a"Черный квадрат"$jСъезды, совещания и т.п$2nlr_sh2$3RU\NLR\AUTH\661544224
_3RU\NLR\AUTH\661544224
_aМалевич, Казимир Северинович (1878 - 1935)
_t"Черный квадрат"
_jСъезды, совещания и т.п
_92607666
606 _aИзобразительное искусство русское
_jСъезды, совещания и т.п
_z20 - 21 вв.
_92347976
_3RU\NLR\AUTH\661402980
606 1 _aАвангардизм
_jСъезды, совещания и т.п
_xв изобразительном искусстве
_yРоссия
_92315345
_3RU\NLR\AUTH\6601610789
686 1 _aЩ103(2Р=Рус)75я431
686 1 _aЩ103(2Р=Рус)7-239я431
686 1 _aЩ143(2Р=Рус)7-8Малевич я431
702 1 _4570
_7ca
_8rus
_aМалевич
_bК. С.
_cхудожник
_f1878-1935
_gКазимир Северинович
_981318
_3RU\NLR\AUTH\7798392
711 1 2 _a"Авангард в квадрате А², концепции развития", научно-исследовательская конференция
_eСанкт-Петербург
_f2015
_9549349
_3RU\NLR\AUTH\880442697
942 _cBOOK
980 _aNBR